Karnatakada itihasa (Record no. 100322)
[ view plain ]
| 000 -LEADER | |
|---|---|
| fixed length control field | 00614nam a2200205Ia 4500 |
| 003 - CONTROL NUMBER IDENTIFIER | |
| control field | OSt |
| 005 - DATE AND TIME OF LATEST TRANSACTION | |
| control field | 20250716091831.0 |
| 008 - FIXED-LENGTH DATA ELEMENTS--GENERAL INFORMATION | |
| fixed length control field | 210210b1997 xxu||||| |||| 00| 0 eng d |
| 040 ## - CATALOGING SOURCE | |
| Transcribing agency | AL |
| 041 ## - LANGUAGE CODE | |
| Language code of text/sound track or separate title | Kannada |
| 082 ## - DEWEY DECIMAL CLASSIFICATION NUMBER | |
| Classification number | 954.87K RAGK |
| 100 ## - MAIN ENTRY--PERSONAL NAME | |
| Personal name | RAGHAVENDRA PRABHU (M) |
| 9 (RLIN) | 92338 |
| Dates associated with a name | ರಾಘವೇಂದ್ರ ಪ್ರಭು (ಎಂ) |
| 245 ## - TITLE STATEMENT | |
| Title | Karnatakada itihasa |
| Remainder of title | ಕರ್ನಾಟಕದ ಇತಿಹಾಸ |
| 260 ## - PUBLICATION, DISTRIBUTION, ETC. | |
| Place of publication, distribution, etc. | Bengaluru. |
| Name of publisher, distributor, etc. | Jupitar Books, MCC Publications., |
| Date of publication, distribution, etc. | 1997 |
| 300 ## - PHYSICAL DESCRIPTION | |
| Extent | 227 |
| 650 ## - SUBJECT ADDED ENTRY--TOPICAL TERM | |
| Topical term or geographic name entry element | II PUC |
| 9 (RLIN) | 92339 |
| 690 ## - LOCAL SUBJECT ADDED ENTRY--TOPICAL TERM (OCLC, RLIN) | |
| Topical term or geographic name as entry element | Karnataka History |
| 9 (RLIN) | 92340 |
| 906 ## - LOCAL DATA ELEMENT F, LDF (RLIN) | |
| a | 052187 |
| 942 ## - ADDED ENTRY ELEMENTS (KOHA) | |
| Source of classification or shelving scheme | Dewey Decimal Classification |
| Koha item type | Book |
| Withdrawn status | Lost status | Source of classification or shelving scheme | Damaged status | Not for loan | Collection code | Home library | Current library | Date acquired | Cost, normal purchase price | Total Checkouts | Full call number | Barcode | Date last seen | Price effective from | Koha item type |
|---|---|---|---|---|---|---|---|---|---|---|---|---|---|---|---|
| Discarded | Dewey Decimal Classification | History | St Aloysius Library | St Aloysius Library | 02/17/2021 | 48.00 | 954.87K RAGK | 052187 | 02/17/2021 | 02/17/2021 | Book | ||||
| Discarded | Dewey Decimal Classification | History | St Aloysius Library | St Aloysius Library | 02/17/2021 | 48.00 | 954.87K RAGK | 052188 | 02/17/2021 | 02/17/2021 | Book |